00501 a2200145 4500010001400000020002200014035001300036037001500049082000800064100001800072245010300090260003300193270010600226300002300332 aENG-86523 a8183821332c95.00 aEN-70056 bDBAD / PUB a485 aPeterson, Jim aSelf help to english conversation :cby Jim Petersonbyour success guide to english conversation / aNew DelhibLotus Pressc2007 a4263/3, Ansari Road, Darya GanjbNew Delhie110 002k011-32903912, 011-23290047mlotus_press@sify.com a200 p.c22cm (Pbk)